Madonna - Album opening tracks - Statistics

General Stats
  • This quiz has been taken 108 times
    73 since last reset
  • The average score is 13 of 15
Answer Stats
Album Opening track % Correct
Erotica Erotica
100%
Like a prayer Like a prayer
95%
Music Music
95%
Confessions on a Dance Floor Hung up
93%
True blue Papa don't preach
93%
American Life American life
91%
Madonna (The first album) Lucky star
89%
Like a virgin Material girl
88%
Bedtime stories Survival
82%
Hard Candy Candy shop
80%
Ray of light Drowned World/Substitute for Love
80%
MDNA Girl gone wild
80%
Rebel heart Living for love
77%
Madame X Medellin
77%
I'm Breathless He's a man
59%
No matching quizzes found
Score Distribution
Percent of People with Each Score
Percentile by Number Answered
Your Score History
You have not taken this quiz since the last reset